Transcontinental countries or states - Statistics

General Stats
  • This quiz has been taken 25 times
  • The average score is 11 of 15
Answer Stats
Hints Answer % Correct
Largest transcontinental country Russia
100%
Oceanian transcontinental state United States
100%
Transcontinental by Suez Canal Egypt
96%
Transcontinental by Turkish Straits Turkey
91%
Central Asian transcontinental state Kazakhstan
87%
Greenland transcontinental state Denmark
83%
Realm transcontinental state United Kingdom
83%
European transcontinental state Georgia
78%
Most transcontinental state France
74%
Cauacasian transcontinental state Azerbaijan
70%
Galápagos transcontinental state Ecuador
61%
Polynesian transcontinental state Chile
52%
Carribean transcontinental state Netherlands
52%
Carribean transcontinental state Columbia
48%
Transcontinental by Aves island Venezuela
43%
No matching quizzes found
Score Distribution
Percent of People with Each Score
Percentile by Number Answered
Your Score History
You have not taken this quiz